Štátne zásahy a úloha vlády v ekonomike štátu

Funkcia štátu v ekonomických a sociálnych procesoch po politických zmenách v roku 1989. Verejný sektor v zmiešanej ekonomike. Úloha vlády v ekonomike. Príčiny zlyhania zákonodarnej a výkonnej moci vlády.

Salvato in:
Dettagli Bibliografici
Autore principale: Šulajová, Irena
Natura: Capitolo di libro
Lingua:slovacco
Soggetti:
Tags: Aggiungi Tag
Nessun Tag, puoi essere il primo ad aggiungerne!!

MARC

LEADER 00000naa$a2200000$$$4500
001 0009520
005 20230929114845.8
041 0 |a slo 
044 |a SK 
245 1 0 |a Štátne zásahy a úloha vlády v ekonomike štátu  |c aut. Irena Šulajová 
520 |a Funkcia štátu v ekonomických a sociálnych procesoch po politických zmenách v roku 1989. Verejný sektor v zmiešanej ekonomike. Úloha vlády v ekonomike. Príčiny zlyhania zákonodarnej a výkonnej moci vlády. 
610 2 0 |a štát 
610 2 0 |a vláda 
610 2 0 |a moc výkonná 
610 2 0 |a moc zákonodarná 
610 2 0 |a intervencionizmus štátny 
610 2 0 |a intervencie 
610 2 0 |a teórie ekonomické 
610 2 0 |a sektor verejný 
610 2 0 |a procesy sociálno-ekonomické 
610 2 0 |a financie verejné 
610 2 0 |a rozpočty verejné 
100 1 |a Šulajová, Irena